[Event "Trophee Roza Lallemand Online"]
[Site "Tornelo INT"]
[Date "2020.12.13"]
[Round "2"]
[White "Bousmaha, Leila"]
[Black "Lopneva, Christina"]
[Result "0-1"]
[WhiteElo "1638"]
[BlackElo "1011"]
[PlyCount "65"]
[EventDate "2020.12.13"]
[EventType "swiss (rapid)"]
[EventRounds "9"]
[EventCountry "USA"]
[SourceTitle "EXT 2022"]
[Source "ChessBase"]
[SourceDate "2021.10.06"]
[SourceVersion "1"]
[SourceVersionDate "2021.10.06"]
[SourceQuality "1"]

1. e4 e6 2. d4 d5 3. exd5 exd5 4. Bd3 c5 5. c3 c4 6. Bc2 Nc6 7. Qf3 Nf6 8. h3 Be7 9. Ne2 Be6 10. Nf4 Qd7 11. Be3 0-0 12. Nd2 Bd6 13. 0-0-0 b5 14. g4 b4 15. g5 bxc3 16. gxf6 cxd2+ 17. Rxd2 g6 18. h4 c3 19. bxc3 Ba3+ 20. Kd1 Bg4 21. Ke2 Bxf3+ 22. Kxf3 Na5 23. Rdd1 Rac8 24. h5 Rxc3 25. Bb1 Rc6 26. hxg6 fxg6 27. Bxg6 hxg6 28. Nxg6 Qf5+ 29. Nf4 Qe4+ 30. Kg3 Rcxf6 31. Rh4 Bd6 32. Rf1 Bxf4+ 33. Bxf4 0-1

[Event "Trophee Roza Lallemand Online"]
[Site "Tornelo INT"]
[Date "2020.12.13"]
[Round "3"]
[White "Laigle, Corinne"]
[Black "Bousmaha, Leila"]
[Result "0-1"]
[WhiteElo "1029"]
[BlackElo "1638"]
[PlyCount "38"]
[EventDate "2020.12.13"]
[EventType "swiss (rapid)"]
[EventRounds "9"]
[EventCountry "USA"]
[SourceTitle "EXT 2022"]
[Source "ChessBase"]
[SourceDate "2021.10.06"]
[SourceVersion "1"]
[SourceVersionDate "2021.10.06"]
[SourceQuality "1"]

1. e4 e5 2. Nf3 Nc6 3. Bb5 a6 4. Bxc6 dxc6 5. 0-0 Bd6 6. Nc3 Ne7 7. d4 Bg4 8. dxe5 Bxf3 9. Qxf3 Bxe5 10. Bg5 f6 11. Be3 0-0 12. Qf5 Nxf5 13. exf5 Qd7 14. g4 g6 15. fxg6 Qxg4+ 16. Kh1 Qh3 17. gxh7+ Qxh7 18. Rg1+ Kh8 19. Bc5 Qxh2# 0-1

[Event "Match France-Chine U12 G"]
[Site "Saint Quentin"]
[Date "2019.06.27"]
[Round "5.1"]
[White "Zhao, Caidi"]
[Black "Bousmaha, Leila"]
[Result "0-1"]
[WhiteElo "1540"]
[BlackElo "1558"]
[PlyCount "66"]
[EventDate "2019.06.??"]
[EventType "team-match (blitz)"]
[EventRounds "12"]
[EventCountry "FRA"]
[SourceTitle "EXT 2020"]
[Source "ChessBase"]
[SourceDate "2019.10.17"]
[SourceVersion "1"]
[SourceVersionDate "2019.10.17"]
[SourceQuality "1"]

1. e4 e5 2. Nf3 Nc6 3. Bb5 a6 4. Ba4 b5 5. Bb3 Nf6 6. d3 Be7 7. Nc3 d6 8. h3 h6 9. a4 b4 10. Nd5 a5 11. Be3 Be6 12. Nxe7 Qxe7 13. Bxe6 fxe6 14. 0-0 0-0 15. Qe2 d5 16. exd5 exd5 17. Rfe1 Rfe8 18. Bd2 Qd6 19. c3 b3 20. Qd1 Rab8 21. Be3 d4 22. Bd2 e4 23. dxe4 Nxe4 24. cxd4 Nxd4 25. Nxd4 Qxd4 26. Be3 Qxb2 27. Qd5+ Kh8 28. Rab1 Qf6 29. Bd4 Qg6 30. Qxa5 Ra8 31. Qxc7 Rac8 32. Qa5 Qf7 33. Qc7 Rxc7 0-1

[Event "Match France-Chine U12 G"]
[Site "Saint Quentin"]
[Date "2019.06.27"]
[Round "4.2"]
[White "Zhao, Yunqing"]
[Black "Bousmaha, Leila"]
[Result "1-0"]
[WhiteElo "1539"]
[BlackElo "1558"]
[PlyCount "72"]
[EventDate "2019.06.??"]
[EventType "team-match (blitz)"]
[EventRounds "12"]
[EventCountry "FRA"]
[SourceTitle "EXT 2020"]
[Source "ChessBase"]
[SourceDate "2019.10.17"]
[SourceVersion "1"]
[SourceVersionDate "2019.10.17"]
[SourceQuality "1"]

1. d4 d5 2. Nf3 Bf5 3. c4 e6 4. Nc3 Nc6 5. cxd5 exd5 6. g3 Nb4 7. Qa4+ c6 8. e4 dxe4 9. Nh4 Bg4 10. a3 Nd5 11. Nxd5 Qxd5 12. Bc4 Qd7 13. 0-0 Be7 14. Ng2 h5 15. h4 Bf3 16. Qb3 Qh3 17. Bxf7+ Kd8 18. Qxf3 exf3 19. Nf4 Qf5 20. Be6 Qf6 21. Be3 Nh6 22. d5 cxd5 23. Rfd1 Ke8 24. Bd4 Qf8 25. Ng6 Rd8 26. Nxf8 Kxf8 27. Bxa7 Bf6 28. Bd4 Ke7 29. Bxf6+ gxf6 30. Bxd5 Ng4 31. Bxb7 Ne5 32. Be4 Rb8 33. b4 Rbf8 34. Rd2 f5 35. Bd5 Rh6 36. Re1 Rhh8 1-0

[Event "Match/Nation FRA-RUS U12 Girls rapid"]
[Site "Brest"]
[Date "2018.06.04"]
[Round "12.1"]
[White "Bousmaha, Leila"]
[Black "Shvedova, Alexandra"]
[Result "0-1"]
[WhiteElo "1541"]
[BlackElo "1758"]
[PlyCount "81"]
[EventDate "2018.06.02"]
[EventType "match (rapid)"]
[EventRounds "2"]
[EventCountry "FRA"]
[SourceTitle "EXT 2019"]
[Source "ChessBase"]
[SourceDate "2018.10.10"]
[SourceVersion "1"]
[SourceVersionDate "2018.10.10"]
[SourceQuality "1"]

1. e4 c5 2. Nf3 d6 3. d4 cxd4 4. Nxd4 Nf6 5. Nc3 a6 6. Bg5 e6 7. f4 Be7 8. Qf3 h6 9. Bh4 Qc7 10. 0-0-0 Nbd7 11. Bf2 b5 12. Nb3 Bb7 13. Bd3 Nc5 14. Nxc5 dxc5 15. Rhe1 Bc6 16. Qg3 Nh5 17. Qg4 Qxf4+ 18. Qxf4 Nxf4 19. Bf1 Bg5 20. Kb1 b4 21. Ne2 Nxe2 22. Rxe2 Be7 23. e5 Bd5 24. Red2 Bg5 25. Re2 c4 26. h4 Be7 27. Ree1 a5 28. g3 c3 29. b3 a4 30. Bb5+ Kd8 31. Bxa4 Kc7 32. Rd3 Ra5 33. Red1 Rha8 34. Rd4 Kb7 35. Rf4 f6 36. exf6 gxf6 37. Rfd4 Bc6 38. Rd7+ Bxd7 39. Rxd7+ Kc8 40. Rxe7 Rf5 41. Be1 0-1

[Event "Match/Nation FRA-RUS U12 Girls"]
[Site "Brest"]
[Date "2018.06.03"]
[Round "7.2"]
[White "Bousmaha, Leila"]
[Black "Kusakina, Uliana"]
[Result "1-0"]
[WhiteElo "1541"]
[BlackElo "1389"]
[PlyCount "105"]
[EventDate "2018.06.02"]
[EventType "match (blitz)"]
[EventRounds "8"]
[EventCountry "FRA"]
[SourceTitle "EXT 2019"]
[Source "ChessBase"]
[SourceDate "2018.10.10"]
[SourceVersion "1"]
[SourceVersionDate "2018.10.10"]
[SourceQuality "1"]

1. e4 e5 2. Nf3 Nc6 3. Nc3 Nf6 4. d4 exd4 5. Nxd4 Bb4 6. Nxc6 bxc6 7. Bd3 d5 8. exd5 cxd5 9. 0-0 0-0 10. Bg5 d4 11. Bxf6 Qxf6 12. Nd5 Qd6 13. Nxb4 Qxb4 14. Rb1 Qd6 15. Qe2 Be6 16. Rfd1 Rae8 17. Qd2 Bd5 18. Bf1 Bxa2 19. Ra1 Be6 20. Qxd4 Qxd4 21. Rxd4 Ra8 22. Rda4 a5 23. Rxa5 Rxa5 24. Rxa5 Rb8 25. Rb5 Rxb5 26. Bxb5 Kf8 27. Kf1 Ke7 28. Ke2 Kd6 29. Ke3 Kc5 30. Bd3 g6 31. Kf4 h6 32. Ke5 h5 33. Bxg6 fxg6 34. Kxe6 Kd4 35. Kf6 Kc4 36. Kxg6 h4 37. f4 Kd4 38. f5 Ke5 39. f6 Ke4 40. f7 Ke3 41. f8Q Kd2 42. Qf2+ Kc1 43. Kf5 Kxb2 44. Qxh4 Kxc2 45. Ke5 c5 46. Kd5 Kb3 47. Kxc5 Kc3 48. Qd4+ Kc2 49. Qe3 Kb1 50. Qd2 Ka1 51. Kb4 Kb1 52. Kb3 Ka1 53. Qb2# 1-0

[Event "EU-ch U10 Girls 27th"]
[Site "Mamaia"]
[Date "2017.09.08"]
[Round "4"]
[White "Bousmaha, Leila"]
[Black "Pawicka, Magdalena"]
[Result "1/2-1/2"]
[WhiteElo "1364"]
[BlackElo "1826"]
[PlyCount "96"]
[EventDate "2017.09.05"]
[EventType "swiss"]
[EventRounds "9"]
[EventCountry "ROU"]
[SourceTitle "CBM 180 Extra"]
[Source "ChessBase"]
[SourceDate "2017.10.06"]
[SourceVersion "1"]
[SourceVersionDate "2017.10.06"]
[SourceQuality "1"]

1. e4 e5 2. Nf3 Nc6 3. Nc3 Nf6 4. d4 exd4 5. Nxd4 Bb4 6. Nxc6 bxc6 7. Bd3 0-0 8. 0-0 Re8 9. Qf3 Rb8 10. Bg5 Bd6 11. Rab1 Be5 12. Bc4 d6 13. Qd3 Bxh2+ 14. Kxh2 Ng4+ 15. Kg1 Qxg5 16. Qg3 Qe5 17. Qxe5 Nxe5 18. Be2 f5 19. f4 Nf7 20. Bf3 fxe4 21. Bxe4 d5 22. Bd3 Nd6 23. b3 Bf5 24. Rf3 Ne4 25. Nxe4 Bxe4 26. Bxe4 Rxe4 27. g3 d4 28. Rd1 c5 29. Kf1 Rbe8 30. c3 Kf7 31. cxd4 Rxd4 32. Rc1 Rd5 33. Rfc3 Ke6 34. Rxc5 Rxc5 35. Rxc5 Kd6 36. Ra5 Ra8 37. b4 Kc6 38. a4 Rb8 39. b5+ Kb7 40. Ra6 Rd8 41. Re6 Rd6 42. Re4 Kb6 43. Rc4 Rd1+ 44. Ke2 Ra1 45. Rc6+ Kb7 46. Rc4 Kb6 47. Rc6+ Kb7 48. Rc4 c5 1/2-1/2

[Event "Wch U10 Girls"]
[Site "Pocos de Caldas"]
[Date "2017.08.27"]
[Round "6"]
[White "Bousmaha, Leila"]
[Black "Guid, Taja"]
[Result "1-0"]
[WhiteElo "1364"]
[BlackElo "1200"]
[PlyCount "85"]
[EventDate "2017.08.22"]
[EventType "swiss"]
[EventRounds "11"]
[EventCountry "BRA"]
[SourceTitle "CBM 180 Extra"]
[Source "ChessBase"]
[SourceDate "2017.10.06"]
[SourceVersion "1"]
[SourceVersionDate "2017.10.06"]
[SourceQuality "1"]

1. e4 c5 2. Nf3 e6 3. d4 cxd4 4. Nxd4 a6 5. c4 e5 6. Nb3 Nf6 7. Bd3 Nc6 8. Nc3 Be7 9. 0-0 0-0 10. Nd5 Nxd5 11. cxd5 Na7 12. Be3 d6 13. Rc1 Bg5 14. Bxg5 Qxg5 15. Qe2 f5 16. Nd2 f4 17. f3 h5 18. Rc7 Rf7 19. Rxf7 Kxf7 20. Nc4 Qd8 21. Qf2 Nb5 22. Nb6 Rb8 23. Bxb5 axb5 24. Rc1 Bd7 25. Nxd7 Qxd7 26. Qb6 Rc8 27. Rxc8 Qxc8 28. h3 Qc5+ 29. Qxc5 dxc5 30. Kf2 h4 31. Ke2 c4 32. Kd2 b4 33. a3 b3 34. a4 Ke7 35. Kc3 Kd6 36. Kxc4 b6 37. Kxb3 Kc5 38. Kc3 b5 39. axb5 Kxb5 40. b4 g6 41. Kb3 g5 42. Kc3 Kb6 43. Kc4 1-0

[Event "Wch U10 Girls"]
[Site "Pocos de Caldas"]
[Date "2017.08.24"]
[Round "4"]
[White "Bousmaha, Leila"]
[Black "Gaal, Zsoka"]
[Result "0-1"]
[WhiteElo "1364"]
[BlackElo "1956"]
[PlyCount "78"]
[EventDate "2017.08.22"]
[EventType "swiss"]
[EventRounds "11"]
[EventCountry "BRA"]
[SourceTitle "CBM 180 Extra"]
[Source "ChessBase"]
[SourceDate "2017.10.06"]
[SourceVersion "1"]
[SourceVersionDate "2017.10.06"]
[SourceQuality "1"]

1. e4 Nf6 2. e5 Nd5 3. c4 Nb6 4. d4 d6 5. f4 g6 6. Nc3 Bg7 7. Be3 0-0 8. Be2 Be6 9. b3 dxe5 10. fxe5 c5 11. d5 Bxe5 12. Rc1 Bf5 13. Nf3 Bf6 14. Bxc5 N8d7 15. Be3 Ne5 16. Nxe5 Bxe5 17. 0-0 Qc7 18. h4 Rad8 19. h5 Bxc3 20. Rxc3 Nxd5 21. Qc1 Nxc3 22. Qxc3 Qd6 23. Kh1 Qf6 24. Qe1 Qe5 25. Bf4 Qe6 26. Qf2 Bd3 27. Bxd3 Rxd3 28. Bh6 Rfd8 29. Qb2 f6 30. hxg6 hxg6 31. Qc2 Qg4 32. Qf2 Qh5+ 33. Kg1 Qxh6 34. Qe2 Qe3+ 35. Qxe3 Rxe3 36. Kf2 Red3 37. Re1 e5 38. Ke2 Kf7 39. Rh1 Rd2+ 0-1

[Event "Wch U10 Girls"]
[Site "Pocos de Caldas"]
[Date "2017.08.23"]
[Round "2"]
[White "Bousmaha, Leila"]
[Black "Contreras Huaman, Fiorella Daiana"]
[Result "1-0"]
[WhiteElo "1364"]
[BlackElo "1675"]
[PlyCount "85"]
[EventDate "2017.08.22"]
[EventType "swiss"]
[EventRounds "11"]
[EventCountry "BRA"]
[SourceTitle "CBM 180 Extra"]
[Source "ChessBase"]
[SourceDate "2017.10.06"]
[SourceVersion "1"]
[SourceVersionDate "2017.10.06"]
[SourceQuality "1"]

1. e4 c5 2. Nf3 e6 3. d4 cxd4 4. Nxd4 a6 5. Bd3 Qc7 6. Qe2 Bc5 7. Nb3 Be7 8. 0-0 d6 9. c4 Nf6 10. Nc3 Nbd7 11. f4 b6 12. Bd2 Bb7 13. Rae1 Nc5 14. Nxc5 Qxc5+ 15. Be3 Qc7 16. h3 Nd7 17. b3 Bf6 18. Bd2 Bd4+ 19. Kh1 h5 20. f5 Nf6 21. fxe6 fxe6 22. e5 dxe5 23. Ne4 Nxe4 24. Bxe4 0-0-0 25. Bxb7+ Qxb7 26. Be3 Bc3 27. Rc1 Bd4 28. Bxd4 Rxd4 29. Qxe5 Re4 30. Qg3 Re2 31. Rf2 Rxf2 32. Qxf2 Rd8 33. Qe2 Qf7 34. c5 b5 35. a4 Qd7 36. c6 Qd5 37. axb5 axb5 38. b4 Kc7 39. Qf2 Qd2 40. Qf7+ Kd6 41. Ra1 e5 42. c7 Rc8 43. Ra6# 1-0